| 000 | 01067cam a22003257a 4500 | ||
|---|---|---|---|
| 003 | CHAP | ||
| 005 | 20220817043527.0 | ||
| 008 | 990419d1995 us r 00110 eng d | ||
| 010 | _a77530 | ||
| 011 | _a78502 | ||
| 020 | _a013102468X | ||
| 035 | _a88477 | ||
| 040 | _cCHAP | ||
| 082 | 0 | 4 |
_a338.1 _bP46 |
| 100 | 0 | 0 |
_aPenson, John B. _986744 |
| 245 | 1 | 0 |
_aIntroduction to agricultural economics _c/by John B. Penson Jr. ,Oral Capps, Jr. and C. Parr Rosson |
| 260 |
_aUpper Saddle River : _bPrentice Hall, _c1995. |
||
| 300 |
_a525 p. : _bgráfs. |
||
| 590 |
_aBATCH-UPD _b10 _c20130110 _lUCH01 _h0718 |
||
| 590 |
_aBATCH-UPD _b10 _c20130410 _lUCH01 _h0402 |
||
| 590 |
_aBATCH-UPD _b10 _c20130914 _lUCH01 _h1906 |
||
| 590 |
_aCONVERSION _b10 _c20130109 _lUCH01 _h1343 |
||
| 650 | 1 | 4 |
_aAgricultura _xAspectos económicos. |
| 700 | 0 |
_aCapps, Oral, Jr. _918730 |
|
| 700 | 0 |
_aRosson, C. Parr _eIII _9100231 |
|
| 901 | _aBK | ||
| 905 | _aAlejandra Carrasco M. | ||
| 942 | _cLIBRO | ||
| 949 |
_a338.1 P46 _bBC _cLIBRO _d33724000715983 _eLIBRO _gI.193260 _h94716 _i88477 _si _t$826.00 |
||
| 999 |
_c77530 _d77530 |
||